| 000 | 00904cab a22002295a 4500 | ||
|---|---|---|---|
| 001 | L156450 | ||
| 008 | 120523e20120120xxk 000 0 eng d | ||
| 035 | _a(Sirsi) u156450 | ||
| 041 | 0 | _aeng | |
| 100 | 1 | _aWithers, Iain | |
| 245 | 0 | 0 |
_aBeginning to bounce back _bbusiness barometer |
| 260 | _c2012 | ||
| 490 |
_aBuilding _v277 (8728) 18 May 2012, 18-19(2) |
||
| 520 | _aOverview; tables of top contractors including and excluding civils for April 2012; yearly work won including and excluding civils May 2011-April 2012; top architects and top quantity surveyors Mayl 2011-April 2012 using information from Barbour ABI. Also looks at Q1 output figures, private sector recovery, and PFI funding. | ||
| 590 | _aKA | ||
| 651 | 4 |
_aUnited Kingdom _y |
|
| 690 |
_aContracts _96232 |
||
| 690 |
_aConstruction management _96230 |
||
| 700 | 1 | _aRawlinson, Simon | |
| 700 | 1 | _aForrest, Kelly | |
| 942 | _n0 | ||
| 999 |
_c84019 _d84019 |
||